2024 Movies by Image - Statistics

General Stats
  • This quiz has been taken 47 times
  • The average score is 17 of 31
Answer Stats
Picture Answer % Correct
Sonic The Hedgehog 3
100%
Deadpool & Wolverine
95%
Inside Out 2
90%
Despicable Me 4
88%
Moana 2
88%
Mufasa: The Lion King
80%
Wicked
80%
Alien: Romulus
73%
Transformers One
73%
Kingdom Of The Planet Of The Apes
70%
Ghostbusters: Frozen Empire
63%
Kraven The Hunter
60%
Venom: The Last Dance
60%
The Wild Robot
55%
Mean Girls
53%
Red One
50%
Challengers
45%
Twisters
45%
The Fall Guy
43%
A Quiet Place: Day One
40%
Road House
40%
IF
38%
Nosferatu
38%
Damsel
35%
Godzilla x Kong: The New Empire
33%
The Beekeeper
33%
Argylle
25%
Carry-On
25%
Fly Me To The Moon
23%
Heretic
23%
The Ministry Of Ungentlemanly Warfare
13%
No matching quizzes found
Score Distribution
Percent of People with Each Score
Percentile by Number Answered
Your Score History
You have not taken this quiz